00282nam a2200109Ia 4500008004100000020001400041245001900055250003300074300002300107650001200130700003000142151015s9999 xx 000 0 und d a440170370 aVonnegut Kurt  a_Player Piano Kurt Vonnegut  aNewyork Dell 1952  a_Novel  a^d20130221 12:19:18^oanne